Matildas 2023 WWC Squad - Statistics

General Stats
  • This quiz has been taken 16 times
  • The average score is 12 of 24
Answer Stats
Number Matildas Player % Correct
#1 Lydia Williams
82%
#23 Kyra Cooney-Cross
73%
#18 Mackenzie Arnold
73%
#20 Sam Kerr
73%
#9 Caitlin Foord
64%
#2 Courtney Nevin
64%
#21 Ellie Carpenter
64%
#16 Hayley Raso
64%
#11 Mary Fowler
64%
#14 Alanna Kennedy
55%
Coach Tony Gustavsson
55%
#22 Charlotte Grant
45%
#19 Katrina Gorry
45%
#12 Teagan Micah
45%
#3 Aivi Luik
36%
#8 Alex Chidiac
36%
#15 Clare Hunt
36%
#4 Clare Polkinghorne
36%
#5 Courtnee Vine
36%
#10 Emily Van Egmond
36%
#13 Tameka Yallop
36%
#6 Clare Wheeler
27%
#7 Steph Cately
18%
#17 Kyah Simon
9%
No matching quizzes found
Score Distribution
Percent of People with Each Score
Percentile by Number Answered
Your Score History
You have not taken this quiz